Marxism, ideology and literature (Record no. 216571)

MARC details
000 -LEADER
fixed length control field 00359nam a2200145Ia 4500
008 - FIXED-LENGTH DATA ELEMENTS--GENERAL INFORMATION
fixed length control field 230917s9999||||xx |||||||||||||| ||und||
040 ## - CATALOGING SOURCE
-- 45073
Original cataloging agency VIVEKANANDA LIBRARY
041 ## - Language
-- English
082 ## - DDC NUMBER
Classification number 801.95 S15M
100 ## - MAIN ENTRY--PERSONAL NAME
Personal name Slaughter, Cliff
245 #0 - TITLE STATEMENT
Title Marxism, ideology and literature
260 ## - PUBLICATION, DISTRIBUTION, ETC. (IMPRINT)
Place of publication, distribution, etc London
Name of publisher, distributor, etc Macmillan
Date of publication, distribution, etc 1980
300 ## - PHYSICAL DESCRIPTION
Pages ix p. ; 228
942 ## - ADDED ENTRY ELEMENTS (KOHA)
Koha item type Books
Holdings
Withdrawn status Lost status Damaged status Not for loan Location (home branch) Sublocation or collection (holding branch) Date acquired Koha issues (times borrowed) Koha full call number Accession No. Koha date last seen Koha item type
        VIVEKANANDA LIBRARY VIVEKANANDA LIBRARY 22/11/2002   801.95 S15M 80847 17/09/2023 Books
© Designed and Maintained by Vivekananda Library, MDU Rohtak